00469nam a2200181 a 4500001001300000003000900013005001700022008004100039020001000080082001700090100003000107245002200137260003500159300001000194500003500204650001800239700003000257nice12345678IN_TiNIC20260116011411.0070404s1291 luca grp 000 0 urd  ac10000a953.02bWAQ3 aWaqidi, Mihannad Bin Omer aMaghazi-Ar-rasool aLucknow bNaval Kishore c1291 a1191p aincludes index and biblioraphy aIslam-History1 aWaqidi, Mihannad Bin Omer